Strade Bianche Cycling Race Winners - Statistics

General Stats
  • This quiz has been taken 9 times
  • The average score is 13 of 20
Answer Stats
Year Country Winner % Correct
2026 Slovenia Tadej Pogacar
100%
2025 Slovenia Tadej Pogacar
100%
2024 Slovenia Tadej Pogacar
100%
2022 Slovenia Tadej Pogacar
100%
2023 United Kingdom Tom Pidcock
100%
2021 Netherlands Mathieu van der Poel
89%
2020 Belgium Wout Van Aert
89%
2016 Switzerland Fabian Cancellara
78%
2012 Switzerland Fabian Cancellara
78%
2008 Switzerland Fabian Cancellara
78%
2019 France Julian Alaphilippe
67%
2017 Poland Michal Kwiatkowski
67%
2014 Poland Michal Kwiatkowski
67%
2011 Belgium Philippe Gilbert
67%
2015 Czech Republic Zdenek Štybar
56%
2018 Belgium Tiesj Benoot
44%
2010 Kazakhstan Maxim Iglinsky
11%
2007 Russia Alexandr Kolobnev
0%
2013 Italy Moreno Moser
0%
2009 Sweden Thomas Löfkvist
0%
No matching quizzes found
Score Distribution
Percent of People with Each Score
Percentile by Number Answered
Your Score History
You have not taken this quiz